Statistics for Legend of Zelda Dungeons

Click here to take the quiz!

General Stats

  • This quiz has been taken 18 times
  • The average score is 58 of 156

Answer Stats

GameDungeon% Correct
SSFire Sanctuary
100%
OOT | ST | THFire Temple
100%
PHTemple of Fire
100%
OOT | THWater Temple
100%
OOT | ST | TH | TPForest Temple
93%
TPCity in the Sky
86%
OOTDeku Tree
79%
OOTShadow Temple
79%
OOTSpirit Temple
79%
MCDark Hyrule Castle
71%
OOTGanon's Castle
71%
ALTTP | WWGanon's Tower
71%
ALBW | ALTTP | BOTW | +2 othersHyrule Castle
71%
ALTTPIce Palace
71%
ALBWIce Ruins
71%
THIce Temple
71%
OOA | OOTJabu Jabu's Belly
71%
STSnow Temple
71%
PHTemple of Ice
71%
PHTemple of Wind
71%
WWWind Temple
71%
SS | WWEarth Temple
64%
TPLakebed Temple
64%
TPPalace of Twilight
64%
THSky Temple
64%
OOTDodongo's Cavern
57%
TPGoron Mines
57%
PHGoron Temple
57%
ST | THSand Temple
57%
TPSnowpeak Ruins
57%
MMStone Tower Temple
57%
FS | LOZDeath Mountain
50%
BOTWDivine Beast Vah Naboris
50%
BOTWDivine Beast Vah Ruta
50%
AOLGreat Palace
50%
MMMajora's Moon
50%
LOZMoon Labyrinth
50%
MMSnowhead Temple
50%
TPTemple of Time
50%
ALBWDark Palace
43%
ALBW | ALTTPDesert Palace
43%
BOTWDivine Beast Vah Medoh
43%
LOZDragon Labyrinth
43%
WWDragon Roost Cavern
43%
MMGreat Bay Temple
43%
SSLanayru Mining Facility
43%
ALTTPPalace of Darkness
43%
FSATemple of Darkness
43%
ALBW | ALTTP | LATurtle Rock
43%
MMWoodfall Temple
43%
BOTWDivine Beast Vah Rudania
36%
LOZEagle Labyrinth
36%
WWForsaken Fortress
36%
STOcean Temple
36%
SSSkyview Temple
36%
ALBW | ALTTPSwamp Palace
36%
WWTower of the Gods
36%
SSAncient Cistern
29%
OOSAncient Ruins
29%
OOAAncient Tomb
29%
ALBW | ALTTPEastern Palace
29%
FSAEastern Temple
29%
LOZLion Labyrinth
29%
ALTTPMisery Mire
29%
SSSandship
29%
ALBWThieves' Hideout
29%
ALTTPThieves' Town
29%
ALBW | ALTTPTower of Hera
29%
MCCave of Flames
21%
WWForbidden Woods
21%
MCFortress of Winds
21%
PHGhostship
21%
LAKey Cavern
21%
FSA | MCPalace of Winds
21%
FSAPyramid
21%
LATail Cave
21%
STTower of Spirits
21%
LAAngler's Tunnel
14%
LABottle Grotto
14%
LAColor Dungeon
14%
MCDeepwood Shrine
14%
LAEagle's Tower
14%
LAFace Shrine
14%
OOSPoison Moth Lair
14%
OOASkull Dungeon
14%
ALBW | ALTTPSkull Woods
14%
SSSkykeep
14%
LOZSnake Labyrinth
14%
OOSSnake Remains
14%
PHTemple of Courage
14%
MCTemple of Droplets
14%
PHTemple of the Ocean King
14%
FSATower of Flames
14%
FSATower of Winds
14%
OOABlack Tower
7%
LACatfish's Maw
7%
OOACrown Dungeon
7%
OOSDancing Dragon Dungeon
7%
LOZDemon Labyrinth
7%
OOSExplorer's Crypt
7%
OOSGnarled Root Dungeon
7%
AOLIsland Palace
7%
LOZLizard Labyrinth
7%
ALBWLorule Castle
7%
LOZManji Labyrinth
7%
OOAMermaid Cave
7%
OOAMoonlit Grotto
7%
OOSOnox's Castle
7%
AOLPalace on the Sea
7%
AOLParapa Palace
7%
OOASpirit's Grave
7%
OOSSword and Shield Maze
7%
OOSUnicorn Cave
7%
FSVaati's Palace
7%
LAWind Fish's Egg
7%
OOAWing Dungeon
7%
TPAbiter's Grounds
0%
THDen of Trials
0%
BOTWFinal Trial
0%
THGrim Temple
0%
FSHero's Trial
0%
ALBWHouse of Gales
0%
AOLMaze Island Palace
0%
PHMetoh's Temple
0%
AOLMidoro Palace
0%
ALTTPPalace of the Four Sword
0%
FSRealm of Memories
0%
OLGRoom of Rites
0%
FSSea of Trees
0%
THThe Lady's Lair
0%
AOLThree Eye Rock Palace
0%
FSTulas Cave
0%

Score Distribution

Percentile by Number Answered

Percent of People with Each Score

Your Score History

You have not taken this quiz